Zákon silnejšieho Filozofia Klubu reklamných agentúr Slovenska očami jeho prezidenta
Piaty rok existencie Klubu reklamných agentúr Slovenska - KRAS. Rozhovor s jeho prezidentom L. Bratom. Problémy, ktoré Klub rieši. Spolupráca KRAS a Rady pre reklamu. Etické zásady reklamnej praxe, platné pre SR.
Uložené v:
| Hlavný autor: | |
|---|---|
| Ďalší autori: | |
| Médium: | Kapitola |
| Jazyk: | Slovak |
| Predmet: | |
| Tagy: |
Žiadne tagy, Buďte prvý, kto otaguje tento záznam!
|
MARC
| LEADER | 00000naa a2200000 4500 | ||
|---|---|---|---|
| 001 | r025882 | ||
| 005 | 20230522135949.4 | ||
| 041 | 0 | |a slo | |
| 044 | |a SK | ||
| 245 | 1 | 0 | |a Zákon silnejšieho |b Filozofia Klubu reklamných agentúr Slovenska očami jeho prezidenta |c L. Brat, H. Čanková |
| 520 | |a Piaty rok existencie Klubu reklamných agentúr Slovenska - KRAS. Rozhovor s jeho prezidentom L. Bratom. Problémy, ktoré Klub rieši. Spolupráca KRAS a Rady pre reklamu. Etické zásady reklamnej praxe, platné pre SR. | ||
| 610 | 2 | 0 | |a reklama |
| 610 | 2 | 0 | |a Klub reklamných agentúr Slovenska |
| 610 | 2 | 0 | |a EAAA |
| 610 | 2 | 0 | |a financie |
| 610 | 2 | 0 | |a prostriedky reklamné |
| 610 | 2 | 0 | |a legislatíva |
| 610 | 2 | 0 | |a agentúry |
| 610 | 2 | 0 | |a etika |
| 610 | 2 | 0 | |a Rada pre reklamu Bratislava |
| 100 | 1 | |a Brat, L. | |
| 700 | 1 | |a Čanková, H. | |